000 00337 a2200157 4500
001 68441
020 _a9781108903332
040 _cAnchieta - Pituba
100 _aBrook-Hart, Guy
240 1 0 _aComplete first
_leng
245 1 0 _aComplete first
300 _a253
362 0 _a2021
650 4 _aInglês e inglês antigo
942 _cBK
999 _c68441
_d68441